000 01546cad a22001935a 4500
001 L138123
008 070517s2007 xxk f w 000 0 eng d
035 _a(Sirsi) u138123
041 0 _aeng
245 0 0 _aTerence Welford (1) Colin Phillips (2) IOD Skip Hire Limited V EDF Energy Networks (LPN) PLC
_h[electronic resource]
260 _c2007
520 _aConsiders whether a claim can be made for loss of business profits owing to the presence of electricity cables. W had purchased land for use by their business. After obtaining planning permission they had begun development and started preparatory work. They were then made aware of the presence of electricity cables beneath it and requested their removal by E. E obtained a wayleave for their retention. The effect of this was to limit construction work and therefore the development of the business. "Held": It was found that the value of the land had been reduced by the presence of the cables. Investment had been made in the land and operations begun, which constituted the presence of a business. The business would have begun full operations in 1996, but this was delayed until 2000 due to the presence of the cables. Therefore a loss of profits was discernable.
590 _aKA
650 2 4 _aWELFORD V EDF ENERGY NETWORKS PLC
651 4 _aEngland and Wales
_y1543-
690 _aPROPERTY-PROPERTY MANAGEMENT-EASEMENTS-WAYLEAVES
856 4 0 _zhttp://www.landstribunal.gov.uk/aspx/view.aspx?id=356
_zView the article free of charge at www.landstribunal.gov.uk...
942 _n0
999 _c78793
_d78793